[Event "World Blitz 2015"]
[Site "Berlin GER"]
[Date "2015.10.14"]
[Round "18.66"]
[White "Fedorchuk, Sergey A."]
[Black "Hirneise, Tobias"]
[Result "1-0"]
[WhiteTitle "GM"]
[BlackTitle "IM"]
[WhiteElo "2635"]
[BlackElo "2457"]
[WhiteFideId "14102536"]
[BlackFideId "24600881"]
[EventDate "2015.10.13"]

1. e4 c5 2. Nf3 d6 3. d4 cxd4 4. Nxd4 Nf6 5. Nc3 Nc6 6. Bg5 e6 7. Qd2 a6 8.
O-O-O Bd7 9. f4 h6 10. Bxf6 Qxf6 11. Nf3 Qd8 12. Kb1 Qc7 13. Bd3 O-O-O 14. a3
Kb8 15. g4 Be7 16. h4 Rc8 17. g5 Na5 18. Nd4 Nc6 19. Nb3 Na5 20. Nc1 Nc4 21.
Bxc4 Qxc4 22. Nb3 Ka8 23. Qg2 g6 24. Rd4 Qc7 25. Rhd1 hxg5 26. hxg5 Rh4 27. Qf2
Rch8 28. e5 d5 29. Rxd5 exd5 30. Nxd5 Qd8 31. Nb6+ Kb8 32. Nxd7+ Kc7 33. Qb6+
Kc8 34. Qa7 Kc7 35. Na5 Qa8 36. Qb6+ Kc8 37. Qb3 Rh1 38. Nb6+ Kb8 39. Nc6+ bxc6
40. Nxa8+ Kxa8 41. Rxh1 Rxh1+ 42. Ka2 1-0

[Event "World Blitz 2015"]
[Site "Berlin GER"]
[Date "2015.10.14"]
[Round "18.67"]
[White "Agrest, Evgenij"]
[Black "Teske, Henrik"]
[Result "1/2-1/2"]
[WhiteTitle "GM"]
[BlackTitle "GM"]
[WhiteElo "2596"]
[BlackElo "2475"]
[WhiteFideId "1705024"]
[BlackFideId "4611500"]
[EventDate "2015.10.13"]

1. c4 Nf6 2. Nc3 g6 3. Nf3 Bg7 4. d4 d5 5. Bg5 dxc4 6. e3 O-O 7. Bxc4 c5 8. O-O
cxd4 9. Nxd4 Nbd7 10. Qe2 Qa5 11. Bh4 Nb6 12. Bb3 e5 13. Ndb5 e4 14. a3 Bg4 15.
Qc2 a6 16. Nd4 Rac8 17. h3 Bf5 18. Qe2 Nfd5 19. Nxd5 Nxd5 20. Rfd1 Nb6 21. Ba2
Qe5 22. Bg3 Qf6 23. Nxf5 gxf5 24. Rd6 Qxb2 25. Qxb2 Bxb2 26. Rb1 Na4 27. Rh6 Bg7 1/2-1/2

[Event "World Blitz 2015"]
[Site "Berlin GER"]
[Date "2015.10.14"]
[Round "18.68"]
[White "Agdestein, Simen"]
[Black "Van Foreest, Jorden"]
[Result "0-1"]
[WhiteTitle "GM"]
[BlackTitle "IM"]
[WhiteElo "2606"]
[BlackElo "2548"]
[WhiteFideId "1500015"]
[BlackFideId "1039784"]
[EventDate "2015.10.13"]

1. d4 d5 2. c4 c6 3. Nc3 Nf6 4. e3 Bf5 5. Nf3 e6 6. Nh4 Bg6 7. Nxg6 hxg6 8. Qc2
Nbd7 9. Bd2 Bb4 10. h3 Rc8 11. a3 Bxc3 12. Bxc3 Ne4 13. Bd3 Nxc3 14. Qxc3 Nf6
15. O-O g5 16. cxd5 Nxd5 17. Qb3 Qc7 18. Be2 Nf6 19. f4 gxf4 20. Rxf4 e5 21.
dxe5 Qxe5 22. Raf1 Rc7 23. Rf5 Qe7 24. R5f4 Kd8 25. Bg4 Nxg4 26. Rxg4 f6 27.
Rd4+ Kc8 28. Rfd1 Re8 29. Qd3 b6 30. Kf2 Kb7 31. b4 Qe6 32. Rc1 Ree7 33. Rd6 Qe5
34. Rd8 f5 35. Rd4 g5 36. Qd2 Rf7 37. Rcc4 g4 38. Rf4 gxh3 39. gxh3 Rh7 40. h4
Qe7 41. Qd3 Qe5 42. Qc3 Qd5 43. Qc1 Rcg7 44. Rf3 Rxh4 45. Rxh4 Qa2+ 46. Kf1 Qg2+
47. Ke1 Qxf3 48. Kd2 0-1

[Event "World Blitz 2015"]
[Site "Berlin GER"]
[Date "2015.10.14"]
[Round "18.69"]
[White "Schmaltz, Roland"]
[Black "Ehlvest, Jaan"]
[Result "0-1"]
[WhiteTitle "GM"]
[BlackTitle "GM"]
[WhiteElo "2504"]
[BlackElo "2535"]
[WhiteFideId "4614054"]
[BlackFideId "4500016"]
[EventDate "2015.10.13"]

1. e4 Nf6 2. d3 d5 3. Nd2 c5 4. Ngf3 Nc6 5. Be2 g6 6. O-O Bg7 7. Re1 O-O 8. exd5
Nxd5 9. Bf1 b6 10. c3 h6 11. Nc4 Qc7 12. a4 Bf5 13. g3 Rad8 14. Qb3 Nf6 15. Bf4
Qc8 16. Nfe5 g5 17. Nxc6 Qxc6 18. Ne5 Qc8 19. Bc1 Bh3 20. Ng6 Rfe8 21. Nxe7+
Rxe7 22. Rxe7 Nd5 23. Bxh3 Qxh3 24. Re1 Nf6 25. f3 Rxd3 26. Be3 Nd5 27. Bf2 Rd2
28. Rf1 Ne3 29. Rae1 Qg2# 0-1

[Event "World Blitz 2015"]
[Site "Berlin GER"]
[Date "2015.10.14"]
[Round "18.70"]
[White "Pham, Le Thao Nguyen"]
[Black "Sethuraman, S.P."]
[Result "0-1"]
[WhiteTitle "IM"]
[BlackTitle "GM"]
[WhiteElo "2319"]
[BlackElo "2640"]
[WhiteFideId "12401226"]
[BlackFideId "5021596"]
[EventDate "2015.10.13"]

1. d4 e6 2. Nf3 Nf6 3. Bf4 b6 4. e3 Bb7 5. Be2 Be7 6. h3 c5 7. O-O h6 8. Nbd2
Nc6 9. c3 d5 10. Re1 Bd6 11. Ne5 Bxe5 12. Bxe5 Nxe5 13. dxe5 Nd7 14. f4 Qc7 15.
Bf3 g5 16. Qe2 O-O-O 17. b4 Kb8 18. Nb3 f6 19. exf6 Nxf6 20. bxc5 bxc5 21. Rab1
Ka8 22. Qb5 Nd7 23. Na5 Nb6 24. c4 gxf4 25. exf4 Qxf4 26. Nxb7 Kxb7 27. Rxe6 Rd6
28. Bxd5+ Kb8 29. Re8+ Rxe8 30. Qxe8+ Kc7 31. Qe7+ Rd7 32. Qxc5+ Kd8 33. Rf1 Qd6
34. Rf8+ Ke7 35. Qf2 Qg6 36. Rf6 Qxf6 37. Qe3+ Kf8 38. Bf3 Qd4 0-1

[Event "World Blitz 2015"]
[Site "Berlin GER"]
[Date "2015.10.14"]
[Round "18.72"]
[White "Van Wely, Loek"]
[Black "Richter, Michael"]
[Result "1-0"]
[WhiteTitle "GM"]
[BlackTitle "GM"]
[WhiteElo "2632"]
[BlackElo "2517"]
[WhiteFideId "1000268"]
[BlackFideId "4618920"]
[EventDate "2015.10.13"]

1. d4 d5 2. c4 e6 3. Nf3 c6 4. Nbd2 f5 5. g3 Nf6 6. Bg2 Bd6 7. O-O Nbd7 8. Rb1
Qe7 9. a3 Ne4 10. Qc2 O-O 11. b4 b5 12. c5 Bc7 13. Nb3 e5 14. Bb2 Rf6 15. Rbd1
Rh6 16. e3 Bb7 17. dxe5 Nxe5 18. Nxe5 Bxe5 19. Bxe5 Qxe5 20. Nd4 a5 21. f3 Nxg3
22. hxg3 Qxg3 23. Nxf5 Qh2+ 24. Kf2 Rf6 25. Rh1 Qe5 26. Nd6 Rg6 27. f4 Qe7 28.
Rxh7 Rxg2+ 29. Kxg2 Qxe3 30. Rdh1 1-0

[Event "World Blitz 2015"]
[Site "Berlin GER"]
[Date "2015.10.14"]
[Round "18.73"]
[White "Choukri, Adel"]
[Black "Sumets, Andrey"]
[Result "0-1"]
[WhiteTitle "CM"]
[BlackTitle "GM"]
[WhiteElo "2199"]
[BlackElo "2583"]
[WhiteFideId "9000399"]
[BlackFideId "14105500"]
[EventDate "2015.10.13"]

1. e4 c6 2. d4 d5 3. Nc3 dxe4 4. Nxe4 Bf5 5. Ng3 Bg6 6. Nh3 e6 7. Nf4 Bd6 8. h4
Qc7 9. Nxg6 hxg6 10. Ne4 Bf4 11. g3 Bxc1 12. Qxc1 Nf6 13. Nxf6+ gxf6 14. Qe3 Nd7
15. O-O-O O-O-O 16. Be2 f5 17. h5 gxh5 18. Rxh5 Rxh5 19. Bxh5 Nf6 20. Qg5 Ne4
21. Qe3 Rh8 22. Bf3 Nf6 23. Qg5 Qe7 24. Re1 Qd8 25. c3 Rh2 26. Qe3 Nd5 27. Qd2
Qa5 28. Kb1 Qb6 29. Rh1 Rxh1+ 30. Bxh1 Qd8 31. Qh6 Nb6 32. Qg7 Qe7 33. Qg8+ Kc7
34. Bf3 Nc4 35. Kc2 Nd6 36. Qg7 a5 37. Qe5 b6 38. b3 f6 39. Qf4 e5 40. Qe3 Qg7
41. Be2 Qg6 42. Kb2 Qg7 43. Bd3 Qe7 44. Be2 Qe6 45. Bd3 Qd5 46. dxe5 fxe5 47.
Bc2 c5 48. Qg5 Qe6 49. Qg7+ Kc6 50. Qa7 e4 51. Qa8+ Kc7 52. Qa7+ Nb7 53. Qa8 Qd7
54. Qh8 Nd6 55. Qe5 Kc6 56. g4 fxg4 57. Bxe4+ Nxe4 58. Qxe4+ Kc7 59. Qf4+ Kb7
60. Qe4+ Ka7 61. Qf4 Qe6 62. Ka3 Kb7 63. c4 Kc6 64. Qf8 Kd7 65. Qg7+ Kd6 66.
Qf8+ Ke5 67. f3 g3 68. Qg7+ Kf4 69. Qf8+ Ke3 70. f4 g2 71. f5 Qe4 72. Qg7 Kf2
73. Qb2+ Qe2 74. Qg7 g1=Q 75. Qe5 Qxe5 0-1

[Event "World Blitz 2015"]
[Site "Berlin GER"]
[Date "2015.10.14"]
[Round "18.74"]
[White "Nielsen, Peter Heine"]
[Black "Lagunow, Raphael"]
[Result "1-0"]
[WhiteTitle "GM"]
[WhiteElo "2654"]
[BlackElo "2164"]
[WhiteFideId "1400355"]
[BlackFideId "24652644"]
[EventDate "2015.10.13"]

1. e4 c5 2. Nf3 Nc6 3. Bb5 a6 4. Bxc6 dxc6 5. d3 Qc7 6. e5 Bg4 7. Bf4 e6 8. Nbd2
Ne7 9. h3 Bf5 10. O-O Nd5 11. Bg3 Be7 12. Qe2 O-O 13. Ne4 Rad8 14. Nfd2 b5 15.
Nd6 Bxd6 16. exd6 Qb6 17. Ne4 a5 18. c4 Nb4 19. a3 Na6 20. Rac1 f6 21. Rfd1 e5
22. Qe3 b4 23. f4 exf4 24. Qxf4 Bg6 25. a4 Nb8 26. d4 cxd4 27. c5 Qa6 28. Rxd4
Nd7 29. Qf1 Qxf1+ 30. Kxf1 Rfe8 31. Nd2 Re3 32. Bf2 Re5 33. Nb3 Ra8 34. Bg3 Re4
35. Rxe4 Bxe4 36. Nd4 Rc8 37. Bf2 Bd3+ 38. Kg1 Be4 39. Re1 f5 40. Nb3 Kf7 41.
Nxa5 Ra8 42. Rxe4 fxe4 43. Nxc6 Rxa4 44. Nd8+ Ke8 45. Ne6 Ra1+ 46. Kh2 Rb1 47.
c6 Ne5 48. Nc5 Rd1 49. c7 1-0

[Event "World Blitz 2015"]
[Site "Berlin GER"]
[Date "2015.10.14"]
[Round "18.75"]
[White "Papin, Vasily"]
[Black "Carstensen, Jacob"]
[Result "1-0"]
[WhiteTitle "GM"]
[BlackTitle "IM"]
[WhiteElo "2502"]
[BlackElo "2352"]
[WhiteFideId "4143183"]
[BlackFideId "1404180"]
[EventDate "2015.10.13"]

1. c4 Nf6 2. g3 e6 3. Bg2 d5 4. Nf3 dxc4 5. Qa4+ Nbd7 6. Qxc4 a6 7. Qc2 c5 8.
Nc3 Be7 9. O-O O-O 10. d4 cxd4 11. Nxd4 Qb6 12. Rd1 Ne5 13. Na4 Qa5 14. Bd2 Bb4
15. Bxb4 Qxb4 16. a3 Qe7 17. Nb6 Rb8 18. Rac1 Bd7 19. Qc7 Ng6 20. Nb3 Bb5 21.
Qxe7 Nxe7 22. Nd4 Be8 23. Rc7 Nc6 24. b4 g6 25. e3 Nd8 26. Rc8 Rxc8 27. Nxc8 Ba4
28. Rc1 e5 29. Ne2 Kg7 30. Nd6 Bc6 31. Bxc6 bxc6 32. Nc3 Ne6 33. Na4 a5 34. Rxc6
axb4 35. axb4 Ra8 36. Nc5 Ra1+ 37. Kg2 Ng5 38. Rc7 e4 39. h4 Nf3 40. Rxf7+ Kg8
41. Rxf6 Rg1+ 42. Kh3 h5 43. Ndxe4 Ne1 44. Kh2 Rg2+ 45. Kh1 Kg7 46. Ne6+ Kh6 47.
Rf8 g5 48. Rf6+ Kh7 49. N4xg5+ 1-0

[Event "World Blitz 2015"]
[Site "Berlin GER"]
[Date "2015.10.14"]
[Round "18.76"]
[White "Milanovic, Danilo"]
[Black "Ernst, Sipke"]
[Result "1/2-1/2"]
[WhiteTitle "GM"]
[BlackTitle "GM"]
[WhiteElo "2469"]
[BlackElo "2527"]
[WhiteFideId "915483"]
[BlackFideId "1004689"]
[EventDate "2015.10.13"]

1. d4 d5 2. c4 c6 3. Nc3 dxc4 4. a4 e5 5. Nf3 exd4 6. Qxd4 Qxd4 7. Nxd4 Na6 8.
Bf4 Bb4 9. e3 Nf6 10. Bxc4 Ne4 11. Ne2 Nac5 12. f3 Nxc3 13. bxc3 Ba5 14. Bd6 Be6
15. Bxe6 Nxe6 16. Kf2 O-O-O 17. Rhd1 Rd7 18. Bb4 Bxb4 19. cxb4 Rhd8 20. Ke1 Rd3
21. e4 Rb3 22. Rdb1 Rdd3 23. Nc1 Rxb1 24. Rxb1 Ra3 25. a5 Nd4 26. Kd2 Kd7 27.
Rb2 f6 28. Nd3 Kc7 29. Nc5 h5 30. h4 b6 31. axb6+ axb6 32. Nd3 Kd6 33. Nf4 Ke5
34. Nxh5 g6 35. Ng3 Kf4 36. Nf1 f5 37. exf5 Nxf5 38. Rc2 Nd4 39. Rc4 Ke5 40. Ne3
Ra2+ 41. Kd3 Ne6 42. Rxc6 Ra3+ 43. Kd2 Ra2+ 44. Rc2 Ra1 45. Ng4+ Kd4 46. Rc6 Kd5
47. Rc1 Ra2+ 48. Rc2 Ra4 49. Rb2 Nd4 50. Ne3+ Ke6 51. Nc4 b5 52. Ne3 Ra1 53. Kd3
Nc6 54. Ke4 Ra4 55. Nc2 Ra8 56. Nd4+ Nxd4 57. Kxd4 Rc8 58. Re2+ Kf6 59. Re4 Rc2
60. g4 Rh2 61. g5+ Kf5 62. Ke3 Rb2 63. Rf4+ Ke5 64. Rg4 Rb3+ 65. Kf2 Kf5 66. Kg3
Rb2 67. Rf4+ Ke5 68. Re4+ Kf5 69. Rf4+ Ke5 70. Rf6 Rxb4 71. Rxg6 Rb1 72. Rb6 b4
73. h5 Rg1+ 74. Kf2 Rxg5 75. Rxb4 Kf6 76. Rh4 Kf7 77. Ke3 Ra5 78. Kf4 Ra4+ 79.
Kg5 Ra5+ 80. Kg4 Kg7 81. Rh1 Ra4+ 82. f4 Ra2 83. Rb1 Rc2 84. Rb7+ Kh6 85. Rb6+
Kh7 86. Rg6 Rc1 87. Kg5 Rc5+ 88. f5 Rc1 89. Rh6+ Kg7 90. Rg6+ Kh7 91. h6 Rg1+
92. Kf6 Ra1 93. Rg2 Ra6+ 94. Kg5 Rxh6 95. Ra2 Rb6 96. Ra7+ Kg8 1/2-1/2

[Event "World Blitz 2015"]
[Site "Berlin GER"]
[Date "2015.10.14"]
[Round "18.77"]
[White "Svane, Rasmus"]
[Black "Naumann, Alexander"]
[Result "1-0"]
[WhiteTitle "IM"]
[BlackTitle "GM"]
[WhiteElo "2543"]
[BlackElo "2545"]
[WhiteFideId "4657101"]
[BlackFideId "4623169"]
[EventDate "2015.10.13"]

1. d4 d5 2. c4 c6 3. Nc3 Nf6 4. cxd5 cxd5 5. Bf4 Nc6 6. e3 Bf5 7. Qb3 Na5 8.
Qa4+ Bd7 9. Qc2 Rc8 10. Bd3 e6 11. Nf3 Nc6 12. a3 Be7 13. h3 O-O 14. O-O Na5 15.
Ne5 h6 16. Rfc1 Be8 17. Qd1 Nd7 18. Nb5 Nxe5 19. Rxc8 Qxc8 20. Bxe5 Bxb5 21.
Bxb5 Nc4 22. Bxc4 Qxc4 23. Rc1 Qb5 24. Rc2 Bd8 25. Qc1 Qd7 26. Bc7 Bf6 27. Bf4
Bd8 28. Rc8 Bb6 29. Rc3 Qb5 30. Qc2 Re8 31. Be5 a6 32. Qb3 f6 33. Bg3 Qa5 34.
Qc2 Qb5 35. Rb3 Qa4 36. Qd3 Qc6 37. Rc3 Qd7 38. Qc2 Bd8 39. Qb3 b5 40. Qc2 Ba5
41. Rc6 e5 42. dxe5 fxe5 43. Rxa6 Bd8 44. Rc6 Bf6 45. Qc5 d4 46. Rd6 Qf7 47.
Qxb5 dxe3 48. fxe3 e4 49. b4 Ra8 50. a4 Bg5 51. Bf2 Kh8 52. a5 Bf6 53. Qd5 Qa7
54. Qxe4 Rc8 55. Re6 Qd7 56. Rb6 Re8 57. Qf3 Be5 58. Rb7 Qe6 59. b5 Rc8 60. g3
Rc1+ 61. Kg2 Rc2 62. a6 Ra2 63. a7 Kh7 64. Qe4+ Kh8 65. Rb8+ Bxb8 66. Qxe6 1-0

[Event "World Blitz 2015"]
[Site "Berlin GER"]
[Date "2015.10.14"]
[Round "18.78"]
[White "Kovalev, Vladislav"]
[Black "Shchekachev, Andrei"]
[Result "0-1"]
[WhiteTitle "GM"]
[BlackTitle "GM"]
[WhiteElo "2546"]
[BlackElo "2531"]
[WhiteFideId "13504398"]
[BlackFideId "4107730"]
[EventDate "2015.10.13"]

1. d4 g6 2. Nc3 Bg7 3. e4 d6 4. Be3 a6 5. Qd2 Nd7 6. Nf3 e6 7. a4 b6 8. Bd3 Bb7
9. O-O Ngf6 10. h3 e5 11. Rfe1 O-O 12. Rad1 exd4 13. Nxd4 Re8 14. Bg5 Qb8 15.
Nb3 Qa7 16. f4 b5+ 17. Kh2 b4 18. Nd5 Nxd5 19. exd5 Bxd5 20. Bh4 a5 21. Bb5 c6
22. Bf1 Bxb2 23. Bf2 Qc7 24. Bd4 Bxd4 25. Nxd4 Nf6 26. f5 Ne4 27. Qh6 Qe7 28.
Nf3 Qf6 29. fxg6 hxg6 30. Re3 Qg7 31. Qf4 Nf6 32. Rxe8+ Rxe8 33. Qxd6 Ne4 34.
Qd7 Qf8 35. Nd4 Rd8 36. Qc7 Qd6+ 37. Qxd6 Nxd6 38. Re1 Kf8 39. g4 Re8 40. Rd1
Rd8 41. Bg2 Bxg2 42. Kxg2 Nb7 43. Rd3 c5 44. Nb3 Rxd3 45. cxd3 Ke7 46. Kf3 g5
47. Ke4 Ke6 48. Nd2 Nd6+ 49. Ke3 Kd5 50. Nf3 f6 51. Kd2 c4 52. dxc4+ Nxc4+ 53.
Kc2 Ne5 54. Nd2 Nc6 55. Kd3 Ne5+ 56. Kc2 Nc6 57. Kd3 Nd4 58. Ne4 Ke5 59. Nc5 Ne6
60. Nd7+ Kf4 61. Nxf6 Nc5+ 62. Kc4 Nxa4 63. Nh5+ Kf3 64. Ng7 Kg3 65. Ne6 Kh4 66.
Kb5 b3 67. Nd4 b2 68. Nf3+ Kg3 69. Nd2 Nc3+ 70. Kxa5 b1=Q 0-1

[Event "World Blitz 2015"]
[Site "Berlin GER"]
[Date "2015.10.14"]
[Round "18.79"]
[White "Seel, Christian"]
[Black "Rasmussen, Allan Stig"]
[Result "1-0"]
[WhiteTitle "IM"]
[BlackTitle "GM"]
[WhiteElo "2474"]
[BlackElo "2498"]
[WhiteFideId "4663098"]
[BlackFideId "1406000"]
[EventDate "2015.10.13"]

1. Nc3 d5 2. d4 Nf6 3. Bg5 c6 4. e3 Bf5 5. Bd3 Ne4 6. Nxe4 dxe4 7. Bc4 Bg6 8. c3
Nd7 9. Ne2 Qa5 10. Bh4 e5 11. b4 Qc7 12. d5 Nb6 13. Bb3 cxd5 14. Bxd5 Be7 15.
Bxe7 Kxe7 16. c4 Rhd8 17. Qb3 Rac8 18. O-O Nxc4 19. Bxc4 Qxc4 20. Qb2 f6 21.
Rfd1 Qc2 22. Qxc2 Rxc2 23. Rxd8 Kxd8 24. Ng3 Kc7 25. h4 h6 26. h5 Bh7 27. a4 f5
28. Rd1 f4 29. Nf1 Rc4 30. Rd5 Rxb4 31. Rxe5 Rxa4 32. exf4 a5 33. Re7+ Kc6 34.
Rxg7 Bf5 35. Ne3 Bd7 36. f5 Ra1+ 37. Kh2 a4 38. f6 Be6 39. Re7 Kd6 40. Rxb7 a3
41. f7 Bxf7 42. Rxf7 Rc1 43. Ra7 Rc3 44. Rxa3 1-0

[Event "World Blitz 2015"]
[Site "Berlin GER"]
[Date "2015.10.14"]
[Round "18.80"]
[White "Riff, Jean-Noel"]
[Black "Sanal, Vahap"]
[Result "1-0"]
[WhiteTitle "GM"]
[BlackTitle "IM"]
[WhiteElo "2499"]
[BlackElo "2501"]
[WhiteFideId "611190"]
[BlackFideId "6300545"]
[EventDate "2015.10.13"]

1. e4 g6 2. d4 Bg7 3. Nc3 d6 4. Be3 a6 5. Qd2 Nd7 6. h4 h5 7. Nh3 b5 8. Ng5 Ngf6
9. a4 b4 10. Bc4 O-O 11. Ne2 Bb7 12. f3 a5 13. Nf4 d5 14. exd5 Nb6 15. Bb3 Nbxd5
16. O-O-O e6 17. Nfxe6 fxe6 18. Nxe6 Qd7 19. Nxf8 Rxf8 20. Bg5 Kh7 21. Rhe1 Re8
22. Rxe8 Qxe8 23. Re1 Qd7 24. Qd3 Qd6 25. Kb1 Qg3 26. Re2 Nf4 27. Bxf4 Qxf4 28.
Re7 Qd6 29. Re6 Qg3 30. Qb5 Bc8 31. Re7 Qd6 32. Qe5 Ba6 33. Rxc7 Qd8 34. Ra7 Bf1
35. g4 hxg4 36. fxg4 Ne8 37. Qe6 Qxd4 38. Rxg7+ Kxg7 39. Qxe8 Qd1+ 40. Ka2 Qf3
41. Qg8+ 1-0

[Event "World Blitz 2015"]
[Site "Berlin GER"]
[Date "2015.10.14"]
[Round "18.81"]
[White "Tari, Aryan"]
[Black "Olafsson, Helgi"]
[Result "1-0"]
[WhiteTitle "IM"]
[BlackTitle "GM"]
[WhiteElo "2521"]
[BlackElo "2549"]
[WhiteFideId "1510045"]
[BlackFideId "2300010"]
[EventDate "2015.10.13"]

1. c4 e5 2. Nc3 Nf6 3. Nf3 Nc6 4. g3 Bb4 5. Bg2 O-O 6. Nd5 Bc5 7. O-O d6 8. e3
Bb6 9. d4 exd4 10. Nxb6 axb6 11. Nxd4 Bg4 12. Qc2 Qd7 13. b3 Bh3 14. Bb2 Bxg2
15. Kxg2 Rfe8 16. Rfd1 Ne4 17. f3 Nxd4 18. Rxd4 Ng5 19. Rg4 f6 20. e4 b5 21.
cxb5 Qxb5 22. h4 h5 23. Rf4 Ne6 24. Rf5 Qc6 25. Qd2 Nc5 26. Rxh5 Nxe4 27. fxe4
Qxe4+ 28. Kf2 Qg4 29. Rd5 Qh3 30. Rg1 Rxa2 31. Rd3 Qg4 32. Ra1 Rxa1 33. Bxa1 Qh3
34. Kg1 Qg4 35. Bd4 Re2 36. Qf4 Qh3 37. Qf3 Rc2 38. Bf2 Kh7 1-0

[Event "World Blitz 2015"]
[Site "Berlin GER"]
[Date "2015.10.14"]
[Round "18.82"]
[White "Guliyev, Namig"]
[Black "Vogel, Roven"]
[Result "1/2-1/2"]
[WhiteTitle "GM"]
[WhiteElo "2579"]
[BlackElo "2417"]
[WhiteFideId "13400363"]
[BlackFideId "12908088"]
[EventDate "2015.10.13"]

1. e4 d6 2. d4 Nf6 3. Nc3 g6 4. Nf3 Bg7 5. Be2 c5 6. d5 O-O 7. O-O Bg4 8. h3
Bxf3 9. Bxf3 a6 10. a4 Nbd7 11. Re1 Qb8 12. a5 b5 13. axb6 Qxb6 14. Be2 h5 15.
Bf1 Rfb8 16. Ra4 Qb7 17. b3 Nb6 18. Ra2 c4 19. bxc4 Qc7 20. Qe2 Nfd7 21. Bd2 Rc8
22. Rb1 Nxc4 23. Be1 Nd2 24. Bxd2 Bxc3 25. Bg5 Nc5 26. g4 hxg4 27. Qxg4 Rcb8 28.
Rxb8+ Rxb8 29. Bxa6 Nxa6 30. Rxa6 Qc4 31. Rc6 Rb1+ 32. Kh2 Qf1 33. Rc8+ Kg7 34.
Rxc3 Qh1+ 35. Kg3 Rg1+ 36. Kf4 Rxg4+ 37. hxg4 f6 38. Bxf6+ Kxf6 39. g5+ Kf7 40.
Rf3 Qh4+ 41. Ke3+ Kg7 42. Rg3 Qh1 43. c3 Qd1 44. Kf4 Qd2+ 45. Kf3 Qxc3+ 46. Kg2
Qe5 47. Rg4 Qd4 48. f3 Qe3 49. Kg3 Qg1+ 50. Kh3 Qf2 51. Rf4 Qg1 52. Rg4 Qh1+ 53.
Kg3 Kf8 54. Rf4+ Ke8 55. Rg4 Kd8 56. Rh4 Qg1+ 57. Kf4 Qc1+ 58. Kg4 Ke8 59. Rh8+
Kf7 60. Rh7+ Kf8 61. Rh3 Qg1+ 62. Rg3 Qe3 63. Rh3 Kf7 64. Rh7+ Kf8 65. Rh8+ Kg7
66. Rh3 Qb3 67. Rg3 Qb2 68. Rh3 Kf8 69. Rg3 Ke8 70. Rh3 Kd7 71. Rh6 Qg2+ 72. Kf4
Qd2+ 73. Kg4 Qg2+ 74. Kf4 e5+ 75. dxe6+ Kxe6 76. Rxg6+ Ke7 77. Rf6 Qf2 78. Kg4
Qe2 79. Kf4 Qh2+ 80. Kf5 Qh4 81. Kg6 Qh8 82. Rf7+ Ke6 83. Rf6+ Ke7 84. Rf7+ Ke6
85. Rf6+ Ke7 86. Rf7+ Ke6 87. Rf6+ 1/2-1/2

[Event "World Blitz 2015"]
[Site "Berlin GER"]
[Date "2015.10.14"]
[Round "18.84"]
[White "Carow, Johannes"]
[Black "Stern, Rene"]
[Result "1/2-1/2"]
[WhiteTitle "FM"]
[BlackTitle "GM"]
[WhiteElo "2431"]
[BlackElo "2538"]
[WhiteFideId "24692050"]
[BlackFideId "4611799"]
[EventDate "2015.10.13"]

1. d4 d5 2. c4 e6 3. Nc3 Nf6 4. cxd5 exd5 5. Bg5 c6 6. Qc2 h6 7. Bh4 g6 8. Nf3
Be7 9. e3 Bf5 10. Bd3 Bxd3 11. Qxd3 Nbd7 12. O-O O-O 13. Rad1 Re8 14. Nd2 Nh5
15. Bxe7 Qxe7 16. Rfe1 Rad8 17. f3 Nb6 18. e4 dxe4 19. fxe4 Nf4 20. Qg3 Ne6 21.
Nf3 Qc7 22. e5 Nd5 23. Ne4 Qe7 24. Kh1 Kg7 25. Qf2 Rf8 26. Qg3 Kh7 27. Qh3 Ndf4
28. Qg3 Nd5 29. Qh3 b6 30. Qg3 c5 31. dxc5 Nxc5 32. Nd6 Nc7 33. b4 N5e6 34. a3
Ne8 35. Ne4 Rxd1 36. Rxd1 f5 37. exf6 Nxf6 38. Nxf6+ Rxf6 39. Qe5 Rf7 40. Re1
Rf6 41. h3 Qf7 42. Qe4 Ng7 43. Qe7 Rxf3 44. gxf3 Qxf3+ 45. Kh2 Qf2+ 46. Kh1 Qf3+
47. Kh2 Qxa3 48. Re4 a5 49. bxa5 Qxa5 50. Qe5 Qd2+ 51. Re2 Qd7 52. Rb2 Qc6 53.
Qb5 Qd6+ 54. Kh1 Nf5 55. Qxb6 Qd5+ 56. Kh2 Qe5+ 57. Kg1 Qg3+ 58. Kf1 Qxh3+ 59.
Ke1 Qc3+ 60. Kf1 h5 61. Qb7+ Kh6 62. Qb3 Qc1+ 63. Kf2 Qf4+ 64. Kg1 Ne3 65. Qd3
Qg3+ 66. Kh1 Qf3+ 67. Kg1 Qg4+ 68. Kh1 Qh4+ 69. Kg1 Qe1+ 70. Kh2 Ng4+ 71. Kg2
Qe5 72. Qd2+ Qe3 73. Qxe3+ Nxe3+ 74. Kf3 Nf5 75. Rb6 Kg5 76. Rb5 h4 77. Kg2 Kg4
78. Rb4+ Kg5 79. Rb5 Kf4 80. Rb4+ Ke5 81. Kh3 g5 82. Rb5+ Kf4 83. Rb4+ Kf3 84.
Rg4 Ke3 85. Rxg5 Kf4 86. Rg4+ Kf3 87. Ra4 Ke3 88. Ra3+ Kf4 89. Rb3 Ke4 90. Rb8
Kf4 91. Rf8 Kg5 92. Rg8+ Kf4 93. Rh8 Kg5 94. Rxh4 Nxh4 1/2-1/2

[Event "World Blitz 2015"]
[Site "Berlin GER"]
[Date "2015.10.14"]
[Round "18.85"]
[White "Petursson, Margeir"]
[Black "Wendt, Jan-Dietrich"]
[Result "1/2-1/2"]
[WhiteTitle "GM"]
[BlackTitle "FM"]
[WhiteElo "2520"]
[BlackElo "2332"]
[WhiteFideId "2300028"]
[BlackFideId "4623797"]
[EventDate "2015.10.13"]

1. c4 Nf6 2. Nc3 g6 3. e4 d6 4. d4 Bg7 5. Be2 O-O 6. Bg5 Na6 7. Qd2 c6 8. Nf3 e5
9. O-O Qe8 10. d5 cxd5 11. cxd5 Nc5 12. Qc2 Bd7 13. Nd2 Rc8 14. Nc4 Qe7 15. a4
h6 16. Be3 Ng4 17. Bxg4 Bxg4 18. Nb5 Rfd8 19. Nxa7 Ra8 20. Nb5 Bf8 21. Rfc1 Na6
22. Nb6 Rab8 23. Qd2 Kh7 24. Rc2 f5 25. f3 f4 26. Bf2 Bd7 27. Rac1 Bg7 28. b4
Bf6 29. Nc7 Bh4 30. Nxa6 bxa6 31. Rc7 Bxf2+ 32. Qxf2 Qe8 33. Nxd7 Rxd7 34. Qa7
Rd8 35. Qxa6 Kh8 36. Rxd7 Qxd7 37. Qb6 g5 38. Rc7 Qxa4 39. h3 Qa1+ 40. Kh2 Qe1
41. Qa7 Qg3+ 42. Kh1 Qe1+ 43. Kh2 Qg3+ 44. Kh1 Qe1+ 45. Kh2 Qg3+ 46. Kh1 Qe1+ 1/2-1/2

[Event "World Blitz 2015"]
[Site "Berlin GER"]
[Date "2015.10.14"]
[Round "18.86"]
[White "Camacho Collados, Jose"]
[Black "Hasangatin, Ramil"]
[Result "0-1"]
[WhiteTitle "IM"]
[BlackTitle "GM"]
[WhiteElo "2383"]
[BlackElo "2509"]
[WhiteFideId "2265427"]
[BlackFideId "4122160"]
[EventDate "2015.10.13"]

1. Nf3 d5 2. g3 Nc6 3. d4 Bf5 4. Bg2 Nb4 5. Na3 e6 6. c4 c6 7. O-O Nf6 8. Qb3
Qc8 9. Bd2 a5 10. Nh4 Be4 11. f3 a4 12. Qd1 Bg6 13. Nxg6 hxg6 14. e4 Be7 15.
cxd5 cxd5 16. Rc1 Nc6 17. Be3 Bxa3 18. bxa3 O-O 19. Qd3 Rd8 20. Rfd1 Qb8 21. Qb5
Ra5 22. Qb6 Ra6 23. Qb5 Qa8 24. Rb1 Rd7 25. e5 Ne8 26. h4 Ra7 27. Kh2 Nc7 28.
Qb6 Na5 29. Bf1 Nc4 30. Bxc4 dxc4 31. Rdc1 Nd5 32. Qb5 Rc7 33. Bd2 c3 34. Be1
Ra6 35. Qd3 Qa7 36. Bxc3 Rac6 37. Bd2 Rxc1 38. Bxc1 Rc3 39. Qb5 Qxd4 40. Qe8+
Kh7 41. Qxf7 Qf2+ 42. Kh3 Rxf3 43. Bf4 Nxf4+ 44. Kg4 Rxg3# 0-1

[Event "World Blitz 2015"]
[Site "Berlin GER"]
[Date "2015.10.14"]
[Round "18.87"]
[White "Rabiega, Robert"]
[Black "Bruedigam, Martin"]
[Result "1-0"]
[WhiteTitle "GM"]
[BlackTitle "FM"]
[WhiteElo "2503"]
[BlackElo "2375"]
[WhiteFideId "4601475"]
[BlackFideId "24608033"]
[EventDate "2015.10.13"]

1. e4 e5 2. Bc4 Nf6 3. d3 Nc6 4. Nf3 Bc5 5. O-O d6 6. c3 a6 7. Bb3 Ba7 8. Be3
O-O 9. Nbd2 Re8 10. h3 Be6 11. Bc2 h6 12. Re1 Ne7 13. d4 Ng6 14. Nf1 c6 15. Ng3
Qc7 16. Qd2 Kh7 17. Rad1 Rad8 18. Nf5 exd4 19. Bxd4 Bxd4 20. N3xd4 Bxf5 21. Nxf5
d5 22. exd5 Rxd5 23. Qc1 Rxd1 24. Rxd1 Kg8 25. Bb3 Nf4 26. Qd2 Ne6 27. Re1 Rd8
28. Qe3 Nf4 29. Qg3 Ng6 1-0